000 01118nam a2200253Ia 4500
001 200.9-SCH pa or (2529)
003 IT-MiSPE
008 171229s9999||||xx |||||||||||||| ||und||
040 _aIT-MiSPE
_cIT-MiSPE
041 _aITALIANO
100 _aPaul Schebesta
240 _aUrsprung der Religion
245 0 _aOrigine della religione
_bRisultati della ricerca preistorica ed etnologica
250 _a1a ed. (v)
260 _aRoma
_bEd. Paoline
_c1966
300 _a450 p.
_c18 cm
490 _aBiblioteca di cultura religiosa: II
_v147
500 _aReligione - Origine
501 _aEdizioni San Paolo srl - Piazza Soncino, 5 - 20092 CINISELLO BALSAMO (MI) (non commercial uses only) ® Copyright 2018
700 _aA.B.
_g(traduzione)
942 _cBK
957 _71
999 _a6698
_bNO
_g Copie: 1
_c337374
_d337374